000 00521nam a2200181Ia 4500
001 15023
005 20260306164957.0
008 260306t2019||||xx |||||||||||||| ||spa||
041 _aESP
082 _a523.109
_bS85
100 _aSuárez, Margarita
_eAUT
245 0 _aAstros, humores y cometas:
_blas obras de Juan Jerónimo Navarro, Joan de Figueroa y Francisco Ruiz Lozano (Lima, 1645-1665)
260 _c2019
300 _a444 páginas :
_c24 cm.
650 _aGEN
654 _aCHU
942 _cLIB
_dJUS
_fJUS
_2ddc
_n
999 _c15023
_d15023